Tìm hiểu ngôn từ báo chí Anh Mỹ

Bewaard in:
Bibliografische gegevens
Hoofdauteur: VÕ NGUYỄN XUÂN TÙNG
Formaat: Boek
Taal:Undetermined
Gepubliceerd in: Văn nghệ 2002
Tags: Voeg label toe
Geen labels, Wees de eerste die dit record labelt!
Thư viện lưu trữ: Trung tâm Học liệu Trường Đại học Cần Thơ
LEADER 00438nam a2200145Ia 4500
001 CTU_49936
008 210402s9999 xx 000 0 und d
082 |a 428.24 
082 |b T513 
100 |a VÕ NGUYỄN XUÂN TÙNG 
245 0 |a Tìm hiểu ngôn từ báo chí Anh Mỹ 
245 0 |c VÕ NGUYỄN XUÂN TÙNG 
260 |b Văn nghệ 
260 |c 2002 
980 |a Trung tâm Học liệu Trường Đại học Cần Thơ